Doing research in the real world / (Record no. 25)

MARC details
000 -LEADER
fixed length control field 00860nam a22002777a 4500
001 - CONTROL NUMBER
control field 15342127
003 - CONTROL NUMBER IDENTIFIER
control field OSt
005 - DATE AND TIME OF LATEST TRANSACTION
control field 20240223075814.0
008 - FIXED-LENGTH DATA ELEMENTS--GENERAL INFORMATION
fixed length control field 221229b |||||||| |||| 00| 0 eng d
010 ## - LIBRARY OF CONGRESS CONTROL NUMBER
LC control number 2008931847
020 ## - INTERNATIONAL STANDARD BOOK NUMBER
International Standard Book Number 9781847873361
020 ## - INTERNATIONAL STANDARD BOOK NUMBER
International Standard Book Number 9781847873378 (pbk.)
040 ## - CATALOGING SOURCE
Original cataloging agency DLC
Transcribing agency KMU
Modifying agency DLC
050 00 - LIBRARY OF CONGRESS CALL NUMBER
Classification number H62 Gra
Item number .G72 2009
100 1# - MAIN ENTRY--PERSONAL NAME
Personal name Gray, David.
245 10 - TITLE STATEMENT
Title Doing research in the real world /
Statement of responsibility, etc. David Gray.
250 ## - EDITION STATEMENT
Edition statement 2nd ed.
260 ## - PUBLICATION, DISTRIBUTION, ETC.
Place of publication, distribution, etc. Los Angeles :
Name of publisher, distributor, etc. SAGE,
Date of publication, distribution, etc. 2009.
300 ## - PHYSICAL DESCRIPTION
Extent xviii, 604 p. :
Other physical details ill (some col.) ;
Dimensions 24 cm.
500 ## - GENERAL NOTE
General note Includes bibliographic references and an index
650 #0 - SUBJECT ADDED ENTRY--TOPICAL TERM
Topical term or geographic name entry element Social sciences
General subdivision Research
650 #0 - SUBJECT ADDED ENTRY--TOPICAL TERM
Topical term or geographic name entry element Social sciences
General subdivision Research
-- Methodology.
906 ## - LOCAL DATA ELEMENT F, LDF (RLIN)
a 7
b cbc
c orignew
d 2
e epcn
f 20
g y-gencatlg
942 ## - ADDED ENTRY ELEMENTS (KOHA)
Source of classification or shelving scheme Library of Congress Classification
Koha item type Non-Fiction
Edition 2nd ed.
Suppress in OPAC No
Holdings
Withdrawn status Lost status Source of classification or shelving scheme Damaged status Not for loan Collection Home library Current library Shelving location Date acquired Source of acquisition Total Checkouts Full call number Barcode Date last seen Price effective from Koha item type Date last checked out
    Library of Congress Classification     Non-fiction Kapasa Makasa University Kapasa Makasa University Open Access 28.12.2022 Book Aid   H 62 Gra 2009 748131 29.12.2022 29.12.2022 Non-Fiction  
    Library of Congress Classification     Non-fiction Kapasa Makasa University Kapasa Makasa University Open Access 28.12.2022 Book Aid 1 H 62 Gra 2009 748128 26.09.2025 29.12.2022 Non-Fiction 28.08.2025
    Library of Congress Classification     Non-fiction Kapasa Makasa University Kapasa Makasa University Open Access 28.12.2022 Book Aid 1 H 62 Gra 2009 748130 23.09.2024 29.12.2022 Non-Fiction 05.09.2024
    Library of Congress Classification     Non-fiction Kapasa Makasa University Kapasa Makasa University Open Access 28.12.2022 Book Aid   H 62 Gra 2009 748129 10.06.2025 29.12.2022 Non-Fiction